ბათუმის შოთა რუსთაველის სახელმწიფო უნივერსიტეტის ბიბლიოთეკა

The European Union and the member states / (ბიბ.ჩანაწერი № 57861)

000 -LEADER
fixed length control field 00886cam a2200217 i 4500
001 - CONTROL NUMBER
control field 18850009
005 - DATE AND TIME OF LATEST TRANSACTION
control field 20221111100854.0
008 - FIXED-LENGTH DATA ELEMENTS--GENERAL INFORMATION
fixed length control field 151109s2015 enka b 001 0 eng
020 ## - INTERNATIONAL STANDARD BOOK NUMBER
International Standard Book Number 9781626372566x
080 ## - UNIVERSAL DECIMAL CLASSIFICATION NUMBER
Universal Decimal Classification number 327.1 T-44
245 04 - TITLE STATEMENT
Title The European Union and the member states /
Statement of responsibility, etc. edited by Eleanor E. Zeff and Ellen B. Pirro.
250 ## - EDITION STATEMENT
Edition statement Third edition.
264 #1 - PRODUCTION, PUBLICATION, DISTRIBUTION, MANUFACTURE, AND COPYRIGHT NOTICE
Place of production, publication, distribution, manufacture Boulder :
Name of producer, publisher, distributor, manufacturer Lynne Rienner Publishers,
Date of production, publication, distribution, manufacture, or copyright notice 2015.
300 ## - PHYSICAL DESCRIPTION
Extent 471 pages :
Other physical details illustrations ;
Dimensions 24 cm.
653 ## - INDEX TERM--UNCONTROLLED
keyword The European Union and the Member States
653 ## - INDEX TERM--UNCONTROLLED
keyword Европейский союз и государства-члены
653 ## - INDEX TERM--UNCONTROLLED
keyword ევროკავშირი და წევრი სახელმწიფოები
700 1# - ADDED ENTRY--PERSONAL NAME
Personal name Zeff, Eleanor E.,
Dates associated with a name
9 (RLIN) 10572
Relator term რედაქტორი
700 1# - ADDED ENTRY--PERSONAL NAME
Personal name Pirro, Ellen B.
9 (RLIN) 10573
Relator term რედაქტორი
942 ## - ADDED ENTRY ELEMENTS (KOHA)
Source of classification or shelving scheme
Koha item type წიგნი
ეგზემპლარები
Withdrawn status Lost status Source of classification or shelving scheme Damaged status Not for loan Permanent Location Current Location Shelving location Date acquired Cost, normal purchase price Full call number Barcode Date last seen Copy number Price effective from Koha item type Public note
          ბათუმის შოთა რუსთაველის სახელმწიფო უნივერსიტეტის მთავარი ბიბლიოთეკა ბათუმის შოთა რუსთაველის სახელმწიფო უნივერსიტეტის მთავარი ბიბლიოთეკა წიგნსაცავი 2021-03-19 80.00 327.1 T-44 54056 2021-03-19 54056 2021-03-19 წიგნი 80.00 GEL.
          ბათუმის შოთა რუსთაველის სახელმწიფო უნივერსიტეტის მთავარი ბიბლიოთეკა ბათუმის შოთა რუსთაველის სახელმწიფო უნივერსიტეტის მთავარი ბიბლიოთეკა   2021-03-19 80.00 327.1 T-44 54057 2021-03-19 54057 2021-03-19 წიგნი 80.00 GEL.